| 000 | 04842cgm a2200841Ia 4500 | ||
|---|---|---|---|
| 003 | data | ||
| 005 | 20260322212005.0 | ||
| 007 | data | ||
| 008 | data | ||
| 019 |
_a610393634 _a137303136 _a171054615 _a610393634 |
||
| 020 | _a0780638379 | ||
| 020 | _a9780780638372 | ||
| 020 | _a078063702X (c.2) | ||
| 020 | _a9780780637023 (c.2) | ||
| 024 | 1 | 0 | _a794043554223 |
| 028 | 4 | 2 |
_aN5542 _bNew Line Home Entertainment |
| 040 |
_aTEF _cTEF _dCIN _dRLS _dJED _dIUL _dOCL _dOCLCQ _dOCL _dOCLCQ _dBTCTA _dZ5U _dSINLB _dNED _dJRV _dSMP _dUPP _dGK8 _dCGP _dOCLCA _dKKS _dYDXCP _dBDX _dMTG _dCIN |
||
| 044 |
_anz _anz |
||
| 046 | _k2001 | ||
| 050 | 4 |
_aPN1997.2 _b.L673 2002 |
|
| 082 | 0 | 4 |
_a791.4371 _223 |
| 090 | _aDVD 612 | ||
| 130 | 0 | _aLord of the rings, the fellowship of the ring (Motion picture) | |
| 245 | 1 | 4 |
_aThe Lord of the rings. _pThe fellowship of the ring _h[videorecording] / _cBarrie Osborne ... [et al.]. |
| 246 | 3 | 0 | _aFellowship of the ring. |
| 250 | _aWidescreen version. | ||
| 257 | _aNew Zealand. | ||
| 260 |
_a[Los Angeles, CA] : _bNew Line Home Entertainment, _cc2002. |
||
| 300 |
_a1 videodiscs (178 min.) : _bsd., col. ; _c4 3/4 in . + _e1 DVD-ROM + guide (fold-out) |
||
| 500 | _aBased on the novel by J.R.R. Tolkien. | ||
| 500 | _aPrequel to: Lord of the Rings: the two towers and Lord of the Rings: the return of the king. | ||
| 500 | _aOriginally released as a motion picture in 2001. | ||
| 505 | 0 | _aDisc 1. Main feature -- Disc 2. Special features: 3 in-depth behind-the-scenes programs; 15 featurettes created for lordoftherings.net, exploring the locales and cultures of Middle Earth; original theatrical trailers and TV spots ; music video for 'May it be' by Enya; movie preview of The two towers; video game preview of The two towers by EA. | |
| 508 | _aDirector of photography, Andrew Lesnie ; editor, John Gilbert ; music, Howard Shore ; production designer, Grant Major ; costume designers, Ngila Dickson, Richard Taylor ; visual effects supervisor, Jim Rygiel. | ||
| 511 | 1 | _aElijah Wood, Ian McKellen, Liv Tyler, Viggo Mortensen, Sean Astin, Cate Blanchett, John Rhys-Davies, Billy Boyd, Dominic Monaghan, Orlando Bloom, Christopher Lee, Hugo Weaving, Sean Bean, Ian Holm, Andy Serkis. | |
| 520 | _aIn ancient times the Rings of Power were crafted by the Elven-smiths, and Sauron, the Dark Lord, forged the One Ring, filling it with his own power so that he could rule all others. But the One Ring was taken from him, and though he sought it throughout Middle-Earth still it remained lost to him. After many ages it fell, by chance, into the hands of the Hobbit, Bilbo Baggins. On his eleventy-first birthday, Bilbo disappeared, bequeathing to his young cousin, Frodo, the Ruling Ring, and a perilous quest: to journey across Middle-Earth, deep into the shadow of the Dark Lord and destroy the Ring by casting it into the Cracks of Doom. | ||
| 521 | 8 | _aMPAA rating: PG-13 ; Epic battle sequences and some scary images ; Supplemental material not rated. | |
| 538 | _aDVD ; NTSC ; 5.1 Dolby digital EX surround sound and 2.0 stereo surround sound; 2.35:1 aspect ratio enhaced for widescreen televisions; Region 1; Access to DVD-ROM Special features requires computer with DVD-ROM drive; internet access may be required for some features; some features may not be available on all players or drives. | ||
| 546 | _aIn English with optional English subtitles ; closed-captions for the hearing impaired. | ||
| 600 | 1 | 0 |
_aTolkien, J. R. R. _q(John Ronald Reuel), _d1892-1973. _tFellowship of the ring _vFilm adaptations. |
| 650 | 0 |
_aBaggins, Frodo (Fictitious character) _vDrama. |
|
| 650 | 0 |
_aMiddle Earth (Imaginary place) _vDrama. |
|
| 655 | 7 |
_aFeature films. _2lcgft. |
|
| 655 | 7 |
_aFiction films. _2lcgft. |
|
| 655 | 7 |
_aFilm adaptations. _2lcgft. |
|
| 655 | 7 |
_aAction and adventure films. _2lcgft. |
|
| 655 | 7 |
_aFantasy films. _2lcgft. |
|
| 655 | 7 |
_aVideo recordings for the hearing impaired. _2lcgft. |
|
| 700 | 1 | _aOsborne, Barrie. | |
| 700 | 1 |
_aWalsh, Fran, _d1959- |
|
| 700 | 1 | _aBoyens, Philippa. | |
| 700 | 1 |
_aJackson, Peter, _d1961- |
|
| 700 | 1 |
_aWood, Elijah, _d1981- |
|
| 700 | 1 | _aMcKellen, Ian. | |
| 700 | 1 | _aTyler, Liv. | |
| 700 | 1 |
_aMortensen, Viggo, _d1958- |
|
| 700 | 1 | _aAstin, Sean. | |
| 700 | 1 |
_aBlanchett, Cate, _d1969- |
|
| 700 | 1 | _aRhys-Davies, John. | |
| 700 | 1 |
_aBoyd, Billy, _d1968- |
|
| 700 | 1 |
_aMonaghan, Dominic, _d1976- |
|
| 700 | 1 |
_aBloom, Orlando, _d1977- |
|
| 700 | 1 |
_aLee, Christopher, _d1922- |
|
| 700 | 1 |
_aWeaving, Hugo, _d1960- |
|
| 700 | 1 | _aBean, Sean. | |
| 700 | 1 |
_aHolm, Ian, _d1931- |
|
| 700 | 1 | _aSerkis, Andy. | |
| 700 | 1 |
_aTolkien, J. R. R. _d1892-1973. _q(John Ronald Reuel), _tFellowship of the ring. |
|
| 710 | 2 | _aNew Line Cinema Corporation. | |
| 710 | 2 | _aWingNut Films (Firm) | |
| 710 | 2 | _aNew Line Home Entertainment (Firm) | |
| 001 | data | ||
| 999 |
_c65 _d65 |
||